1249 1457 1121 1600 1083 1443 1958 1313 1997 1546 1129 1603 1527 1845 1566 1417 1276 1271 1093 1070 1532 1639 1005 1893 1732 1909 1625 1302 1931 1144 1941 1312 1435 1615 1455 1706 1199 1477 1296 1207 1809 1891 1627 1585 1339 1054 1290 1498 1950 1254 1799 1392 1304 1202 1239 1629 1526 1481 1713 1712 1796 1332 1132 1811 1944 1487 1024 1740 1750 1930 1352 1036 1078 1030 1584 1843 1508 1465 1005 1723 1340 1691 1090 1694 1372 1829 1181 1603 1383 1050 1376 1346 1067 1525 1086 1021 1459 1792 1142 BCNSPRNW ULIB Ver.6.0+V

เปลี่ยนเป็นภาษาไทย

Change to English
 แสดงรายละเอียดบรรณานุกรม
  กลับหน้าหลัก

Brief Record : Get Marc (ISO 2709) : E-mail record : QR code < ปิดหน้าต่าง
LEADER : 00000nas 2200000uu 4500
001    13399120639
003     ULIB
008    020711s|||| th a 000 0 tha d
022    1905453X
110    การสาธารณสุข เขต 5
245    วารสารวิชาการสาธารณสุข เขต 5 /^cการสาธารณสุข เขต 5
260    สระบุรี :^bการสาธารณสุข เขต 5,^cม.ป.ป.
310    ^aรายสี่เดือน
850 ^a ULIB^bปีที่ 6 ฉบับที่ 1 ;ปีที่ 5 ฉบับที่ 2
945    ^p0^l0^i900827
945    ^p0^l0^i900821
รายการนี้ยังไม่มีแท็ก
คุณยังไม่ได้ล็อกอิน คุณสามารถมีกิจกรรมร่วมกับเว็บไซต์ได้ แต่ต้องล็อกอินก่อน ::
  ล็อกอิน

รายการสื่อสารสนเทศ (วารสาร)

ดูแบบ: กล่อง รายการ
ARRIVED
ปีที่ 5 ฉบับที่ 2
สถานที่: ห้องสมุดวิทยาเขตสวรรค์ประชารักษ์ >หนังสือทั่วไป
ARRIVED
ปีที่ 6 ฉบับที่ 1
สถานที่: ห้องสมุดวิทยาเขตสวรรค์ประชารักษ์ >หนังสือทั่วไป

BibComment


ยังไม่เคยถูกคอมเมนท์

คอมเมนท์ทรัพยากรรายการนี้
  คอมเมนท์: วารสารวิชาการสาธา..


 Copyright 2026. Bcnsprnw @Library